000 00835nam a22001817a 4500
008 100629s1987 xxu||||| |||| 00| 0 ara d
020 _a9771470426
082 _222
_a363.2
_bن ا ص
100 1 _915456
_aناصف ، أحمد عبد السلام
245 _aالشرطة في مصر الإسلامية /
_cأحمد عبد السلام ناصف
260 _aالقاهرة :
_bالزهراء للإعلام العربي ،
_c1987.
300 _a341 ص :
_bخرائط ؛
_c24 سم.
504 _aيحتوي على إرجاعات ببليوجرافية
541 _aألف باء ؛
_cشراء ؛
650 _915457
_aالشرطة
_zمصر
942 _2ddc
_cBB
999 _c14292
_d14292